000 00196nam a2200097Ia 4500
008 190216s9999||||xx |||||||||||||| ||und||
100 _aKovoor.E.M
245 0 _aKaad
260 _bNull
942 _cBK
999 _c25284
_d25284